Statistics for Capitals Of Africa Map

Click here to take the quiz!

General Stats

  • This quiz has been taken 56 times
  • The average score is 42 of 54

Answers on the Map

Answers color-coded by a green-red scale on the quiz's map according to % correct below.
 

Answer Stats

Country% Correct
Cairo
100%
Cape Town
100%
Algiers
98%
Nairobi
98%
Rabat
96%
Tunis
96%
Tripoli
94%
Addis Ababa
91%
Djibouti
91%
Khartoum
89%
Mogadish
89%
Harare
87%
Kinshasa
87%
Windhoek
87%
Antananarivo
85%
Brazzaville
85%
Dakar
85%
São Tomé
85%
Abuja
83%
Accra
83%
Freetown
83%
Luanda
83%
Juba
81%
Kigali
81%
Bissau
79%
Monrovia
79%
Gaborone
77%
Kampala
77%
Maputo
77%
Ouagadougou
77%
Asmara
74%
Bamako
74%
Lome
74%
Lusaka
74%
Victoria
74%
Libreville
72%
Lilongwe
72%
N Djamena
72%
Yaounde
72%
Ban jul
70%
Dodoma
70%
Conakry
68%
Mbabane
68%
Niamey
68%
Port Louis
68%
Bujumbura
66%
Bangui
64%
Maseru
64%
Moroni
64%
Nouakchott
64%
Praia
64%
Malabo
60%
Porto Novo
60%
Yamoussoukro
60%

Score Distribution

Percentile by Number Answered

Percent of People with Each Score

Your Score History

You have not taken this quiz